مكتبة جامعة عجلون الوطنية

فهرس بحث المكتبة

Normal view MARC view
  • قصص مترجمة - قصص أطفال

Entry Topical Term

Number of records used in: 1

001 - CONTROL NUMBER

  • control field: 19659

003 - CONTROL NUMBER IDENTIFIER

  • control field: JO-AjAnu

005 - DATE AND TIME OF LATEST TRANSACTION

  • control field: 20230606073431.0

008 - FIXED-LENGTH DATA ELEMENTS

  • fixed length control field: 230606|| aca||aabn | a|a d

040 ## - CATALOGING SOURCE

  • Original cataloging agency: JO-AjAnu
  • Transcribing agency: JO-AjAnu

150 ## - HEADING--TOPICAL TERM

  • Topical term or geographic name entry element: قصص مترجمة - قصص أطفال

670 ## - SOURCE DATA FOUND

  • Source citation: Work cat.: (JO-AjAnu)10093: تأليف غري،آلان ؛ ترجمة محمد الموحد, author 19658, لنذهب إلى القمر: قصة عن الإنجليزية للأطفال